000 00400nam a2200181Ia 4500
005 20250423095940.0
008 250422s9999 xx 000 0 und d
020 _a9780406176141
050 _aKA 27 .D4/
100 _aDenning, Lord
245 0 _aLandmarks in the law
250 _a2nd ed.
260 _aLondon
260 _bButterworths
260 _c2004
300 _a394 p
942 _cBK
999 _c31823
_d31823